000 00747nam a2200181Ia 4500
008 100921s9999 xx 000 0 und d
082 _b14875
_a891.461 ढ 89
100 _aगोडबोले परशुरामपंत.
245 _aनवनीत मराठी कवितांचे वेचे.
260 _bगव्हरमेंट सेंट्रल बुक डेपो,मुंबई.
_c1889
300 _a432
_b---
365 _b1
520 _aललित-काव्य.
630 _aनवनीत मराठी कवितांचे वेचे.
650 _aललित-काव्य.
730 _aनवनीत मराठी कवितांचे वेचे.
942 _cBOOK
999 _c763988
_d763985